2017 IIHF World Championship Countries - Statistics

General Stats
  • This quiz has been taken 160 times
  • The average score is 14 of 16
Answer Stats
Rank Team % Correct
(1) Canada
97%
(5) Sweden
97%
(4) United States
97%
(6) Czech Republic
95%
(3) Finland
95%
(10) Germany
95%
(2) Russia
93%
(14) France
92%
(8) Slovakia
92%
(11) Norway
88%
(7) Switzerland
88%
(13) Denmark
85%
(16) Italy
80%
(12) Latvia
80%
(9) Belarus
77%
(15) Slovenia
77%
No matching quizzes found
Score Distribution
Percent of People with Each Score
Percentile by Number Answered
Your Score History
You have not taken this quiz